• 首页
  • 本馆介绍
  • 公告通知
  • 最新文献
  • 馆藏检索
  • 电子资源
  • 读者导购
  • 参考咨询
  • 我的图书馆
  • 登录
  • 详细信息显示
  • 放入我的书架
  • 预约/预借图书
  • 作者相关作品
  • 分类相关作品
  • 丛书相关作品
  • 出版社相关作品

书目信息

  • 表格格式
  • 工作单格式
  • 卡片格式
题名:
牛津法律大辞典
    
 
作者: 沃克 编 ;北京社会与科技发展研究所 译
分册:  
出版信息: 北京   光明日报出版社  1988.8
页数: 1002页
开本: 26cm
丛书名:
单 册:
中图分类: D9-61
科图分类:
主题词: 法律--词典
电子资源:
ISBN: 7-80014-130-6
000 00737nam0 2200229 45
001 0189030536
005 20050427093702.0
010    @a7-80014-130-6@b精装@dCNY27.90
020    @aCN@b89030536
100    @a19911017d1988 m y0chiy0120 ea
101 1  @achi
102    @aCN@b110000
105    @ay e 000yy
200 10 @a牛津法律大辞典@Aniu jin fa lu da ci dian@f(英)戴维·M·沃克编@F(Ying)Dai Wei·M·Wo Ke Bian@g北京社会与科技发展研究所译
210    @a北京@c光明日报出版社@d1988.8
215    @a1002页@d26cm
606 0  @a法律@x词典
690    @aD9-61@v1980
701  0 @a沃克@4编
712 02 @a北京社会与科技发展研究所@Abei jing she hui yu ke ji fa zhan yan jiu suo@4译
801  0 @aCN@bNLC@c19911017
905    @f1@b215045@dD9-61@e142
    
    牛津法律大辞典/(英)戴维·M·沃克编/北京社会与科技发展研究所译.-北京:光明日报出版社,1988.8
    1002页;26cm
    
    
    ISBN 7-80014-130-6(精装):CNY27.90
    
●
相关链接 在E读中查询图书 在五车中查询图书 在当当中查询图书 在豆瓣中查询图书


正题名:牛津法律大辞典     索取号:D9-61/142         预约/预借

序号 登录号 条形码 馆藏地/架位号 状态 备注
1 0215045   001580587   工具书阅览室/ [索取号:D9-61/142] 在馆    
2 0215046   002054984   第一样本阅览室/ [索取号:D9-61/142] 在馆    
唐山师范学院图书馆 欢迎您!
大连网信软件有限公司© 版权所有